| 000 | 00608nam a22001817a 4500 | ||
|---|---|---|---|
| 005 | 20210325173854.0 | ||
| 008 | s2528 th tha d | ||
| 041 | _atha | ||
| 050 | _aJQ1748 ศ7 | ||
| 245 | 1 | 0 | _aการสัมมนาผู้พิพากษาในศาลอุทธรณ์ |
| 260 | 3 |
_aม.ป.ท. : _bธีรานุสรณ์การพิมพ์, _c2528 |
|
| 300 | _a295 หน้า | ||
| 650 | 0 | 4 | _aผู้พิพากษา -- การประชุม |
| 850 | _aNALT | ||
| 942 | _cGB | ||
| 997 | _c000000000002540 | ||
| 998 | _aJETANANARD SUWANDEE | ||
| 999 |
_c2540 _d2540 |
||